Wszystkie powiaty w Polsce według rejestracji samochodowych na mapie - Statystyki

Ogólne statystyki
  • Ten quiz został rozwiązany 38 razy
    21 od ostatniego zresetowania
  • Średni wynik to 222 z 380
Odpowiedzi na mapie
Odpowiedzi zakodowano w zielono-czerwonej skali na mapie do tego quizu, zgodnie z poniższymi procentami.
 
Statystyki odpowiedzi
Województwo Powiat % Poprawnych
Podlaskie BI
100%
Pomorskie GD/XD
100%
Mazowieckie WA/WB/WD/WE/WF/WH/WI/WJ/WK/WN/WU/WW/WX/WY/AH/AW
100%
Podlaskie BS
95%
Dolnośląskie DW/DX
95%
Pomorskie GS
95%
Małopolskie KR/KK
95%
Podkarpackie RZ
95%
Mazowieckie WO
95%
Mazowieckie WP
95%
Mazowieckie WS
95%
Kujawsko-pomorskie CB
90%
Kujawsko-pomorskie CT
90%
Łódzkie EL/ED
90%
Małopolskie KRA/KRK
90%
Lubelskie LU
90%
Opolskie OP
90%
Śląskie SC
90%
Śląskie SK
90%
Śląskie SZ
90%
Mazowieckie WR
90%
Kujawsko-pomorskie CRA
85%
Kujawsko-pomorskie CW
85%
Dolnośląskie DJ
85%
Łódzkie EP
85%
Pomorskie GDA/XDA
85%
Lubelskie LB
85%
Warmińsko-mazurskie NE
85%
Warmińsko-mazurskie NO
85%
Opolskie OK
85%
Wielkopolskie PY/PO
85%
Śląskie SB
85%
Świętokrzyskie TKI
85%
Mazowieckie WG
85%
Mazowieckie WL
85%
Mazowieckie WM
85%
Podlaskie BAU
80%
Podlaskie BIA
80%
Podlaskie BL
80%
Dolnośląskie DB
80%
Dolnośląskie DL
80%
Dolnośląskie DWL
80%
Dolnośląskie DZG
80%
Lubuskie FG
80%
Lubuskie FGW
80%
Pomorskie GA/XA
80%
Małopolskie KN
80%
Małopolskie KT
80%
Lubelskie LBI
80%
Lubelskie LC
80%
Lubelskie LCH
80%
Lubelskie LZ
80%
Warmińsko-mazurskie NEL
80%
Wielkopolskie PK
80%
Śląskie SBE/SE
80%
Śląskie SBI/IBI
80%
Śląskie SG
80%
Śląskie SR
80%
Mazowieckie WPR/WPP/WPS/APR
80%
Mazowieckie WRA
80%
Mazowieckie WSI
80%
Kujawsko-pomorskie CG
75%
Kujawsko-pomorskie CWL
75%
Dolnośląskie DKL
75%
Łódzkie EPA
75%
Łódzkie ES
75%
Łódzkie EZG
75%
Lubuskie FZ
75%
Pomorskie GSL
75%
Pomorskie GWE/GWO
75%
Małopolskie KNS
75%
Małopolskie KOS
75%
Małopolskie KWI
75%
Lubelskie LLU
75%
Lubelskie LZA
75%
Warmińsko-mazurskie NOL
75%
Wielkopolskie PL
75%
Wielkopolskie PZ/POZ
75%
Podkarpackie RP
75%
Podkarpackie RT
75%
Śląskie SD
75%
Śląskie SO
75%
Mazowieckie WCI
75%
Mazowieckie WOS
75%
Mazowieckie WOT
75%
Mazowieckie WWL/WV
75%
Mazowieckie WZ
75%
Zachodniopomorskie ZK
75%
Zachodniopomorskie ZS/ZZ
75%
Podlaskie BSU
70%
Kujawsko-pomorskie CGR
70%
Dolnośląskie DOL
70%
Dolnośląskie DWR/VWR
70%
Łódzkie EPI
70%
Łódzkie ESI
70%
Pomorskie GMB
70%
Pomorskie GPU
70%
Pomorskie GTC
70%
Małopolskie KOL
70%
Małopolskie KWA/JWA
70%
Opolskie OB
70%
Opolskie ONY/ONX
70%
Wielkopolskie PP
70%
Podkarpackie RK
70%
Podkarpackie RKR / YKR
70%
Podkarpackie RM
70%
Podkarpackie RZE / RZZ
70%
Śląskie SCZ
70%
Śląskie SJ
70%
Śląskie ST
70%
Mazowieckie WPI/WPA/WPW
70%
Mazowieckie WPL/APL
70%
Podlaskie BLM
65%
Kujawsko-pomorskie CBY/CBC
65%
Kujawsko-pomorskie CTR
65%
Dolnośląskie DGL
65%
Świętokrzyskie TSA
65%
Dolnośląskie DJA
65%
Dolnośląskie DJE
65%
Łódzkie ELW
65%
Łódzkie ERA
65%
Łódzkie ESK
65%
Łódzkie ETM
65%
Pomorskie GND
65%
Pomorskie GST/XST
65%
Małopolskie KMY
65%
Małopolskie KNT
65%
Małopolskie KTA
65%
Lubelskie LHR
65%
Lubelskie LPU
65%
Warmińsko-mazurskie NBA
65%
Warmińsko-mazurskie NOS/NOT
65%
Opolskie OPO
65%
Wielkopolskie PKN
65%
Wielkopolskie PN/PKO
65%
Podkarpackie RPR
65%
Śląskie SM
65%
Śląskie SRB
65%
Śląskie SRS/SL
65%
Śląskie SW
65%
Śląskie SZY
65%
Zachodniopomorskie ZKO
65%
Zachodniopomorskie ZSW
65%
Kujawsko-pomorskie CBR
60%
Kujawsko-pomorskie CIN
60%
Kujawsko-pomorskie CNA
60%
Kujawsko-pomorskie CTU
60%
Dolnośląskie DLE
60%
Dolnośląskie DLU
60%
Dolnośląskie DSW
60%
Dolnośląskie DZA
60%
Łódzkie EBE
60%
Łódzkie EKU
60%
Łódzkie ELA
60%
Łódzkie EWI
60%
Łódzkie EZD
60%
Lubuskie FWS
60%
Lubuskie FZI
60%
Pomorskie GCH
60%
Pomorskie GKS
60%
Pomorskie GKW
60%
Pomorskie GLE
60%
Małopolskie KBC
60%
Małopolskie KGR
60%
Małopolskie KLI
60%
Małopolskie KMI
60%
Małopolskie KTT
60%
Lubelskie LUB
60%
Warmińsko-mazurskie NGO
60%
Warmińsko-mazurskie NIL
60%
Warmińsko-mazurskie NWE
60%
Opolskie OOL
60%
Wielkopolskie PLE
60%
Wielkopolskie POS
60%
Podkarpackie RBI
60%
Podkarpackie RJA
60%
Śląskie SCI/SCN/ICI
60%
Śląskie SJZ
60%
Śląskie SZA
60%
Mazowieckie WGR/AGR
60%
Mazowieckie WSZ
60%
Zachodniopomorskie ZSZ
60%
Podlaskie BHA
55%
Podlaskie BSE
55%
Podlaskie BSI
55%
Kujawsko-pomorskie CAL
55%
Kujawsko-pomorskie CSW
55%
Dolnośląskie DBA
55%
Dolnośląskie DGR/VGR
55%
Dolnośląskie DMI
55%
Dolnośląskie DPL
55%
Dolnośląskie DST
55%
Łódzkie ELC
55%
Pomorskie GBY
55%
Pomorskie GCZ
55%
Pomorskie GKA/GKY/GKZ
55%
Małopolskie KBR
55%
Małopolskie KPR
55%
Lubelskie LKR
55%
Lubelskie LTM
55%
Warmińsko-mazurskie NBR
55%
Warmińsko-mazurskie NEB
55%
Warmińsko-mazurskie NKE
55%
Opolskie OKR
55%
Opolskie OPR
55%
Wielkopolskie PGN
55%
Wielkopolskie PKL
55%
Wielkopolskie PRA
55%
Podkarpackie RDE
55%
Podkarpackie RJS/YJS
55%
Podkarpackie RTA
55%
Śląskie SBL
55%
Śląskie SGL/IGL
55%
Pomorskie SP
55%
Śląskie SRC/IRC
55%
Śląskie SY
55%
Mazowieckie WML
55%
Mazowieckie WND
55%
Mazowieckie WWE
55%
Zachodniopomorskie ZGR
55%
Zachodniopomorskie ZPL
55%
Zachodniopomorskie ZSL
55%
Podlaskie BBI
50%
Podlaskie BWM
50%
Podlaskie BZA
50%
Kujawsko-pomorskie CCH
50%
Kujawsko-pomorskie CRY
50%
Kujawsko-pomorskie CZN
50%
Dolnośląskie DBL
50%
Dolnośląskie DLB
50%
Dolnośląskie DZL
50%
Łódzkie ELE
50%
Łódzkie EOP
50%
Łódzkie EPD
50%
Łódzkie EPJ
50%
Łódzkie ERW
50%
Lubuskie FSL
50%
Lubuskie FZG
50%
Pomorskie GSZ
50%
Małopolskie KCH
50%
Małopolskie KSU
50%
Lubelskie LBL
50%
Lubelskie LLB
50%
Lubelskie LRA
50%
Lubelskie LSW
50%
Warmińsko-mazurskie NDZ
50%
Warmińsko-mazurskie NGI
50%
Warmińsko-mazurskie NMR
50%
Warmińsko-mazurskie NNI
50%
Warmińsko-mazurskie NPI
50%
Warmińsko-mazurskie NSZ
50%
Opolskie OGL
50%
Opolskie ONA
50%
Wielkopolskie PKA
50%
Wielkopolskie PSL
50%
Podkarpackie RSA
50%
Śląskie SH/IH
50%
Śląskie SI
50%
Śląskie SMI
50%
Śląskie STA/ITA
50%
Śląskie SWD
50%
Śląskie SZO
50%
Świętokrzyskie TOS
50%
Świętokrzyskie TSK
50%
Świętokrzyskie TST
50%
Mazowieckie WBR
50%
Mazowieckie WGM/AGM
50%
Mazowieckie WKZ
50%
Mazowieckie WLS
50%
Mazowieckie WPU
50%
Mazowieckie WSE
50%
Mazowieckie WSK
50%
Mazowieckie WZY
50%
Podlaskie BGR
45%
Kujawsko-pomorskie CMG
45%
Dolnośląskie DDZ
45%
Dolnośląskie DKA
45%
Dolnośląskie DSR
45%
Dolnośląskie DTR
45%
Łódzkie EBR
45%
Lubuskie FMI
45%
Lubuskie FSD
45%
Lubuskie FSU
45%
Lubuskie FZA
45%
Małopolskie KDA
45%
Lubelskie LJA
45%
Lubelskie LKS
45%
Lubelskie LOP
45%
Lubelskie LRY
45%
Warmińsko-mazurskie NLI
45%
Opolskie OKL
45%
Opolskie OST
45%
Wielkopolskie PPL
45%
Wielkopolskie PTU/MTU
45%
Wielkopolskie PZL
45%
Podkarpackie RKL
45%
Podkarpackie RLA
45%
Podkarpackie RPZ
45%
Podkarpackie RST
45%
Śląskie SKL
45%
Śląskie SMY
45%
Śląskie SPI
45%
Śląskie SPS/IPS
45%
Świętokrzyskie TJE
45%
Świętokrzyskie TKA
45%
Świętokrzyskie TKN
45%
Mazowieckie WGS
45%
Mazowieckie WLI
45%
Mazowieckie WPN
45%
Mazowieckie WWY
45%
Mazowieckie WZW
45%
Zachodniopomorskie ZBI
45%
Zachodniopomorskie ZDR
45%
Zachodniopomorskie ZGL
45%
Zachodniopomorskie ZKL
45%
Podlaskie BKL
40%
Podlaskie BSK
40%
Dolnośląskie DLW
40%
Dolnośląskie DOA
40%
Łódzkie EWE
40%
Lubuskie FKR
40%
Lubuskie FSW
40%
Lubelskie LLE
40%
Lubelskie LPA
40%
Lubelskie LWL
40%
Warmińsko-mazurskie NNM
40%
Warmińsko-mazurskie NOE
40%
Wielkopolskie PCT
40%
Wielkopolskie PJA
40%
Wielkopolskie PKE
40%
Wielkopolskie PNT
40%
Wielkopolskie PSE
40%
Wielkopolskie PSR
40%
Wielkopolskie PSZ
40%
Wielkopolskie PWR
40%
Podkarpackie RLE
40%
Podkarpackie RNI
40%
Podkarpackie RRS
40%
Śląskie SLU
40%
Świętokrzyskie TOP
40%
Świętokrzyskie TPI
40%
Mazowieckie WOR
40%
Mazowieckie WSC
40%
Mazowieckie WZU
40%
Zachodniopomorskie ZGY
40%
Zachodniopomorskie ZST
40%
Zachodniopomorskie ZWA
40%
Podlaskie BMN
35%
Kujawsko-pomorskie CGD
35%
Kujawsko-pomorskie CLI
35%
Lubuskie FNW
35%
Wielkopolskie PCH
35%
Wielkopolskie PGO
35%
Wielkopolskie PKR
35%
Wielkopolskie PKS
35%
Wielkopolskie POT
35%
Wielkopolskie PWA
35%
Wielkopolskie PWL
35%
Podkarpackie RBR
35%
Podkarpackie RLS
35%
Świętokrzyskie TBU
35%
Mazowieckie WMA
35%
Mazowieckie WPZ
35%
Zachodniopomorskie ZCH
35%
Zachodniopomorskie ZKA
35%
Kujawsko-pomorskie CSE
30%
Kujawsko-pomorskie CWA
30%
Wielkopolskie PMI
30%
Wielkopolskie POB
30%
Podkarpackie RLU
30%
Świętokrzyskie TLW
30%
Zachodniopomorskie ZLO
30%
Zachodniopomorskie ZPY
30%
Podkarpackie RSR
25%
Świętokrzyskie TSZ
25%
Zachodniopomorskie ZMY
25%
Wielkopolskie PGS
20%
Mazowieckie WPY
20%
Zachodniopomorskie ZSD
20%
Świętokrzyskie KI
15%
Nie znaleziono quizów pasujących do podanych kryteriów
Rozkład punktacji
Procent ludzi z każdym wynikiem
Percentyl według liczby udzielonych odpowiedzi
Twoja historia wyników
Nie rozwiązałeś tego quizu od ostatniego zresetowania